000 00595nam a22001937a 4500
005 20260128153833.0
010 _aENG-147709
020 _a9789390001118
_c295.00
035 _aEN-131241
037 _bDBAD
082 _21
_aN
100 _aDoyle, Arthur Conan
_986994
245 _aThe Return of Sherlock Holmes/
_cArthur Conan Doyle
250 _a1
260 _aEast Delhi
_bPharos Books
_c2023
270 _aPlot No. -63 Main Mother Dairy Road Pandav Nagar, East Delhi
_bEast Delhi
_e110092
_k011-403958555
_msales@pharosbooks.in
300 _a359p.
_c21cm(pb)
942 _2ddc
_cEN
_mDOY
_hN
999 _c214605
_d214605